[Event "Hamburg-ch MB"]
[Site "Hamburg"]
[Date "2014.06.15"]
[Round "9"]
[White "Schoenfisch, Norbert"]
[Black "Amini, Mahmood"]
[Result "1-0"]
[WhiteElo "1795"]
[BlackElo "1764"]
[PlyCount "59"]
[EventDate "2014.06.07"]
[EventType "swiss"]
[EventRounds "9"]
[EventCountry "GER"]
[SourceTitle "CBM 161 Extra"]
[Source "ChessBase"]
[SourceDate "2014.08.29"]
[SourceVersion "1"]
[SourceVersionDate "2014.08.29"]
[SourceQuality "1"]

1. d4 Nf6 2. c4 e6 3. Nf3 d5 4. Nc3 c6 5. e3 Bb4 6. Bd2 0-0 7. Bd3 Nbd7 8. Qe2 Re8 9. Ne5 Bd6 10. f4 dxc4 11. Bxc4 Nd5 12. 0-0 f6 13. Nd3 N7b6 14. Bb3 a5 15. a3 Nxc3 16. bxc3 Nd5 17. e4 Ne7 18. e5 fxe5 19. fxe5 Bc7 20. Bg5 Bd7 21. Nc5 Qc8 22. Qh5 b6 23. Qf7+ Kh8 24. Nxd7 Qxd7 25. Bf6 gxf6 26. Qxf6+ Kg8 27. Bxe6+ Qxe6 28. Qxe6+ Kh8 29. Rf7 Nd5 30. Qh6 1-0

[Event "Hamburg-ch MB"]
[Site "Hamburg"]
[Date "2014.06.07"]
[Round "1"]
[White "Baberz, Alexander"]
[Black "Schoenfisch, Norbert"]
[Result "1-0"]
[WhiteElo "1919"]
[BlackElo "1795"]
[PlyCount "31"]
[EventDate "2014.06.07"]
[EventType "swiss"]
[EventRounds "9"]
[EventCountry "GER"]
[SourceTitle "CBM 161 Extra"]
[Source "ChessBase"]
[SourceDate "2014.08.29"]
[SourceVersion "1"]
[SourceVersionDate "2014.08.29"]
[SourceQuality "1"]

1. e4 Nf6 2. Nc3 e6 3. e5 Nd5 4. Ne4 d6 5. c4 Nb6 6. exd6 cxd6 7. b3 Nc6 8. Bb2 d5 9. cxd5 exd5 10. Ng3 d4 11. Bb5 Bd7 12. Nf3 Nb4 13. Bxd7+ Nxd7 14. 0-0 d3 15. Re1+ Be7 16. Nf5 1-0

[Event "Wichern op 5th"]
[Site "Hamburg"]
[Date "1999.10.20"]
[Round "7"]
[White "Ploetz, Juergen"]
[Black "Schoenfisch, Norbert"]
[Result "1/2-1/2"]
[WhiteElo "1892"]
[BlackElo "1701"]
[PlyCount "45"]
[EventDate "1999.10.15"]
[EventType "swiss"]
[EventRounds "9"]
[EventCountry "GER"]
[SourceTitle "EXT 2001"]
[Source "ChessBase"]
[SourceDate "2000.11.22"]
[SourceVersion "1"]
[SourceVersionDate "2000.11.22"]
[SourceQuality "1"]

1. Nf3 Nf6 2. g3 g6 3. Bg2 Bg7 4. 0-0 0-0 5. d3 c5 6. Nbd2 Nc6 7. e4 d6 8. c3 e5 9. a4 Bg4 10. h3 Be6 11. Ng5 Qd7 12. f4 exf4 13. gxf4 h6 14. Nxe6 fxe6 15. Nf3 Nh5 16. Nh4 Qf7 17. f5 exf5 18. exf5 Ng3 19. Nxg6 Nxf1 20. Nxf8 Rxf8 21. Qxf1 Qxf5 22. Qxf5 Rxf5 23. Be3 1/2-1/2

[Event "Wichern op 5th"]
[Site "Hamburg"]
[Date "1999.10.19"]
[Round "6"]
[White "Schoenfisch, Norbert"]
[Black "Bischoff, Frank"]
[Result "0-1"]
[WhiteElo "1701"]
[BlackElo "1911"]
[PlyCount "102"]
[EventDate "1999.10.15"]
[EventType "swiss"]
[EventRounds "9"]
[EventCountry "GER"]
[SourceTitle "EXT 2001"]
[Source "ChessBase"]
[SourceDate "2000.11.22"]
[SourceVersion "1"]
[SourceVersionDate "2000.11.22"]
[SourceQuality "1"]

1. d4 Nf6 2. c4 g6 3. Nc3 Bg7 4. e4 d6 5. f3 0-0 6. Be3 Nc6 7. Qd2 a6 8. Nge2 Rb8 9. g4 b5 10. Ng3 e5 11. cxb5 exd4 12. Bxd4 Nxd4 13. Qxd4 Nxe4 14. Qc4 Nxc3 15. bxc3 axb5 16. Qd3 b4 17. Rb1 Bxc3+ 18. Kf2 Qf6 19. Ne4 Qd4+ 20. Kg3 Be6 21. Nxc3 Qxd3 22. Bxd3 bxc3 23. Rbc1 Bxa2 24. Rxc3 Rb3 25. Rhc1 Rxc3 26. Rxc3 c5 27. Kf4 Rb8 28. Ra3 Be6 29. Ra6 c4 30. Bxc4 Bxc4 31. Rxd6 Kg7 32. g5 Rb5 33. h4 Be6 34. Rd4 Rc5 35. Rd3 Rc1 36. Rd4 Rc4 37. Rxc4 Bxc4 38. Ke5 Bb3 39. Kd6 Kf8 40. Kd7 Bd1 41. f4 Bg4+ 42. Kd6 Be6 43. Ke5 Ke7 44. Ke4 Kd6 45. Kd4 Bd5 46. Ke3 Ke6 47. Kd4 Kf5 48. Kxd5 Kxf4 49. Kd6 Kg4 50. Ke7 Kxh4 51. Kf6 Kh5 0-1